[Event "Mittelfrank Regionalliga Nord-West 2122"]
[Site "Mittelfranken"]
[Date "2022.06.26"]
[Round "3.7"]
[White "Assmann, Norbert"]
[Black "Halbich, Anton"]
[Result "1-0"]
[WhiteElo "1939"]
[BlackElo "1912"]
[PlyCount "91"]
[EventDate "2021.10.24"]
[EventType "team-tourn"]
[EventRounds "9"]
[EventCountry "GER"]
[SourceTitle "EXT 2024"]
[Source "ChessBase"]
[SourceDate "2023.10.10"]
[SourceVersion "1"]
[SourceVersionDate "2023.10.10"]
[SourceQuality "1"]
[WhiteTeam "Sailauf"]
[BlackTeam "Rottendorf"]
[WhiteTeamCountry "GER"]
[BlackTeamCountry "GER"]

1. Nf3 Nf6 2. c4 c5 3. g3 d6 4. Bg2 Nc6 5. Nc3 e6 6. 0-0 Be7 7. d4 0-0 8. b3 Bd7 9. e3 a6 10. d5 Nb8 11. Bb2 e5 12. a4 a5 13. Nd2 Na6 14. f4 Ng4 15. Qe2 exf4 16. Rxf4 Ne5 17. Nb5 Ng6 18. Rf2 Nc7 19. Raf1 Nxb5 20. cxb5 Qc8 21. Nc4 Bg4 22. Qd3 Qd8 23. h3 Bd7 24. h4 f6 25. Be4 Bh3 26. Re1 Ne5 27. Bxh7+ Kh8 28. Bxe5 fxe5 29. Ree2 Bxh4 30. Rxf8+ Qxf8 31. Rf2 Bf6 32. Rh2 Bg5 33. Rxh3 Bh6 34. Bf5 Qf6 35. g4 e4 36. Qxe4 Qa1+ 37. Qb1 Qf6 38. Qf1 Rf8 39. Qf4 Qa1+ 40. Kh2 Qa2+ 41. Kg3 Rxf5 42. Qxf5 Qa1 43. Qf2 Kg8 44. Rh5 Qb1 45. Nxd6 Qg6 46. Qf7+ 1-0

[Event "Terrasini Mediterranean op 3rd"]
[Site "Terrasini"]
[Date "2012.06.30"]
[Round "9"]
[White "Burlov, Vassili"]
[Black "Assmann, Norbert"]
[Result "1-0"]
[WhiteElo "2347"]
[BlackElo "1921"]
[PlyCount "87"]
[EventDate "2012.06.24"]
[EventType "swiss"]
[EventRounds "9"]
[EventCountry "ITA"]
[SourceTitle "CBM 149 Extra"]
[Source "ChessBase"]
[SourceDate "2012.08.24"]
[SourceVersion "1"]
[SourceVersionDate "2012.08.24"]
[SourceQuality "1"]

1. d4 Nf6 2. c4 g6 3. Nc3 Bg7 4. e4 d6 5. f3 c6 6. Be3 a6 7. Qd2 b5 8. a3 Nbd7 9. Rc1 Bb7 10. Nh3 bxc4 11. Bxc4 d5 12. Ba2 dxe4 13. Ng5 0-0 14. Ngxe4 Nd5 15. Bh6 Qb6 16. Bxg7 Kxg7 17. Na4 Qa7 18. 0-0 a5 19. Rfe1 e6 20. Kh1 Qb8 21. Nac5 Rd8 22. Qg5 Nxc5 23. Rxc5 h6 24. Qc1 Qf4 25. Bxd5 Qxc1 26. Rexc1 exd5 27. Nc3 Re8 28. Kg1 Re3 29. Kf2 Re7 30. Re1 Rxe1 31. Kxe1 Kf6 32. Na2 Kf5 33. Nc1 g5 34. g4+ Ke6 35. a4 Kd6 36. Nb3 Ba6 37. Nxa5 Re8+ 38. Kf2 Re2+ 39. Kg3 Bd3 40. Rxc6+ Kd7 41. Rc3 Ba6 42. Nb3 Bc8 43. Nc5+ Kc7 44. b4 1-0

[Event "Regionalliga NW 0708"]
[Site "Bayern"]
[Date "2008.04.06"]
[Round "8.2"]
[White "Assmann, Norbert"]
[Black "Wunder, Stefan"]
[Result "1-0"]
[WhiteElo "2068"]
[BlackElo "2111"]
[PlyCount "71"]
[EventDate "2007.10.21"]
[EventType "team-tourn"]
[EventRounds "9"]
[EventCountry "GER"]
[SourceTitle "EXT 2009"]
[Source "ChessBase"]
[SourceDate "2008.11.26"]
[SourceVersion "1"]
[SourceVersionDate "2008.11.26"]
[SourceQuality "1"]
[WhiteTeam "Sailauf"]
[BlackTeam "Nordhalben"]
[WhiteTeamCountry "GER"]
[BlackTeamCountry "GER"]

1. Nf3 d5 2. g3 c6 3. Bg2 Nf6 4. 0-0 Bg4 5. d3 Nbd7 6. Nbd2 e6 7. b3 Be7 8. Bb2 0-0 9. h3 Bh5 10. g4 Bg6 11. Nh4 Qc7 12. Nxg6 hxg6 13. e4 Rfd8 14. Qe2 dxe4 15. Nxe4 Nd5 16. g5 Nf4 17. Qg4 Nc5 18. Rae1 Nxg2 19. Kxg2 Nxe4 20. Rxe4 Qa5 21. h4 Qxa2 22. Ba1 Qxc2 23. h5 Rd5 24. Be5 Qd2 25. Bf4 Qxd3 26. Rfe1 gxh5 27. Qxh5 Qb5 28. Be5 Bxg5 29. Qxg5 f6 30. Qg4 Kf7 31. Qh5+ Kg8 32. Qg6 Rf8 33. Bf4 e5 34. Bc1 Qc5 35. Rh1 Qd6 36. Reh4 1-0

[Event "Regionalliga NW 0708"]
[Site "Bayern"]
[Date "2007.10.21"]
[Round "1.2"]
[White "Assmann, Norbert"]
[Black "Kuhn, Norbert"]
[Result "0-1"]
[WhiteElo "2068"]
[BlackElo "2096"]
[PlyCount "34"]
[EventDate "2007.10.21"]
[EventType "team-tourn"]
[EventRounds "9"]
[EventCountry "GER"]
[SourceTitle "EXT 2009"]
[Source "ChessBase"]
[SourceDate "2008.11.26"]
[SourceVersion "1"]
[SourceVersionDate "2008.11.26"]
[SourceQuality "1"]
[WhiteTeam "Sailauf"]
[BlackTeam "Wuerzburg II"]
[WhiteTeamCountry "GER"]
[BlackTeamCountry "GER"]

1. Nf3 d5 2. g3 c5 3. Bg2 Nc6 4. 0-0 e5 5. d3 Nf6 6. Nbd2 Be7 7. e4 0-0 8. exd5 Nxd5 9. Nc4 f6 10. a4 Be6 11. Re1 Qd7 12. Qe2 Rfd8 13. Nfxe5 fxe5 14. Nxe5 Nxe5 15. Qxe5 Bf7 16. Bxd5 Bxd5 17. Qxe7 Re8 0-1

[Event "Regionalliga NW 0405"]
[Site "Bayern"]
[Date "2005.02.13"]
[Round "7.3"]
[White "Oehrlein, Thomas"]
[Black "Assmann, Norbert"]
[Result "1/2-1/2"]
[WhiteElo "2163"]
[BlackElo "2053"]
[PlyCount "116"]
[EventDate "2004.10.24"]
[EventType "team-tourn"]
[EventRounds "9"]
[EventCountry "GER"]
[SourceTitle "EXT 2007"]
[Source "ChessBase"]
[SourceDate "2006.11.23"]
[SourceVersion "1"]
[SourceVersionDate "2006.11.23"]
[SourceQuality "1"]
[WhiteTeam "Kulmbach"]
[BlackTeam "Sailauf"]
[WhiteTeamCountry "GER"]
[BlackTeamCountry "GER"]

1. e4 g6 2. d4 Bg7 3. Nc3 c6 4. h4 h5 5. Be3 d5 6. Qd2 Nf6 7. e5 Ng4 8. Bd3 Nxe3 9. Qxe3 b6 10. Nge2 Ba6 11. e6 Bxd3 12. exf7+ Kxf7 13. Qxd3 Qd6 14. 0-0-0 Nd7 15. Kb1 Raf8 16. g3 Bh6 17. f4 Ke8 18. Rhe1 Kd8 19. Qa6 Qc7 20. Nc1 Bg7 21. Re3 Bf6 22. N3e2 Rf7 23. c4 Nb8 24. Qa4 Qd7 25. Nd3 e6 26. c5 b5 27. Qa5+ Kc8 28. Ne5 Bxe5 29. Rxe5 Re8 30. Ng1 Qc7 31. Qe1 Rfe7 32. Rg5 Rg7 33. Rd3 Nd7 34. Nf3 Nf6 35. Re5 Ne4 36. Ng5 Nxg5 37. Rxg5 Kb7 38. Re5 Qd7 39. Rde3 Rge7 40. Qe2 Ka8 41. a3 Kb7 42. Rg5 Rg7 43. g4 hxg4 44. Qxg4 Qf7 45. h5 Qf6 46. Ree5 Reg8 47. h6 Re7 48. Ka2 Kc7 49. h7 Rxh7 50. Qxe6 Qxe6 51. Rxe6 Rf7 52. Rg4 Kd7 53. Rd6+ Kc7 54. Kb3 a5 55. Kc3 Rf5 56. Kd3 g5 57. Rxg5 Rfxg5 58. fxg5 Rxg5 1/2-1/2

[Event "Regionalliga NW 0405"]
[Site "Bayern"]
[Date "2005.01.30"]
[Round "6.3"]
[White "Assmann, Norbert"]
[Black "Lutz, Peter"]
[Result "1-0"]
[WhiteElo "2053"]
[BlackElo "1902"]
[PlyCount "71"]
[EventDate "2004.10.24"]
[EventType "team-tourn"]
[EventRounds "9"]
[EventCountry "GER"]
[SourceTitle "EXT 2007"]
[Source "ChessBase"]
[SourceDate "2006.11.23"]
[SourceVersion "1"]
[SourceVersionDate "2006.11.23"]
[SourceQuality "1"]
[WhiteTeam "Sailauf"]
[BlackTeam "Schweinheim"]
[WhiteTeamCountry "GER"]
[BlackTeamCountry "GER"]

1. Nf3 d5 2. g3 c5 3. Bg2 Nc6 4. 0-0 e5 5. d3 Bg4 6. Nbd2 Nf6 7. e4 d4 8. h3 Bh5 9. g4 Bg6 10. Nc4 Nd7 11. a4 f6 12. b3 Bf7 13. Nh4 g6 14. Nf3 g5 15. Nfd2 h5 16. gxh5 Bxh5 17. Bf3 g4 18. hxg4 Rg8 19. Kg2 f5 20. exf5 Nf6 21. Rh1 Bxg4 22. Bxg4 Nxg4 23. Kf1 Qc7 24. Ne4 0-0-0 25. Bg5 Nxf2 26. Kxf2 Be7 27. f6 Rxg5 28. Nxg5 Bxf6 29. Qg4+ Kb8 30. Ne4 Rf8 31. Ke2 a6 32. Raf1 Qe7 33. Qg6 Nb4 34. Rxf6 Rxf6 35. Qxf6 Qd7 36. Rh8+ 1-0

[Event "Cesenatico op 9th"]
[Site "Cesenatico"]
[Date "2004.09.08"]
[Round "5"]
[White "Lucchi, Lorenzo"]
[Black "Assmann, Norbert"]
[Result "1/2-1/2"]
[WhiteElo "1577"]
[BlackElo "2000"]
[PlyCount "146"]
[EventDate "2004.09.04"]
[EventType "swiss"]
[EventRounds "9"]
[EventCountry "ITA"]
[SourceTitle "EXT 2007"]
[Source "ChessBase"]
[SourceDate "2006.11.23"]
[SourceVersion "1"]
[SourceVersionDate "2006.11.23"]
[SourceQuality "1"]

1. e4 g6 2. d4 Bg7 3. Nc3 c6 4. Bc4 d6 5. h4 Nf6 6. f3 d5 7. exd5 cxd5 8. Bb5+ Nc6 9. Be3 a6 10. Ba4 b5 11. Bb3 Na5 12. Qd2 Nc4 13. Bxc4 dxc4 14. Nge2 Qc7 15. Bf4 Qb6 16. g4 Bb7 17. Rf1 Rd8 18. Rf2 Bc6 19. Be3 Qb7 20. Ng1 Qc7 21. Bf4 Qa5 22. Nce2 Qb6 23. Be3 Nd5 24. Bh6 Bxh6 25. Qxh6 b4 26. Qg7 Rf8 27. h5 Nf6 28. hxg6 hxg6 29. Qh6 c3 30. b3 Qa5 31. Qc1 Rh8 32. a4 Qb6 33. Qe3 Nd5 34. Qe5 Rh1 35. Rh2 Rxh2 36. Qxh2 Ne3 37. Ra2 Bb7 38. Qh8+ Kd7 39. Qe5 Nd5 40. Ra1 f6 41. Qe4 g5 42. Nh3 Nf4 43. Qf5+ e6 44. Qh7+ Kc8 45. Nhxf4 gxf4 46. Qf7 Bxf3 47. a5 Qc6 48. Qxf6 Bxe2 49. Kxe2 Qg2+ 50. Kd3 Qxg4 51. Kc4 Qe2+ 52. Kxb4 f3 53. Qe5 Qxc2 54. Qxe6+ Rd7 55. Qc6+ Rc7 56. Qa8+ Kd7 57. Qd5+ Kc8 58. Qa8+ Kd7 59. Qxf3 Qg6 60. Qd5+ Qd6+ 61. Qxd6+ Kxd6 62. Rc1 c2 63. Ka3 Kd5 64. Kb2 Kxd4 65. Rxc2 Rxc2+ 66. Kxc2 Kc5 67. Kc3 Kb5 68. b4 Kc6 69. Kc4 Kd6 70. Kd3 Kc6 71. Kc3 Kb5 72. Kb3 Kc6 73. Kc4 Kd6 1/2-1/2

[Event "Landesliga Nord 0304"]
[Site "Bayern"]
[Date "2004.02.15"]
[Round "6.4"]
[White "Wallinger, Manfred"]
[Black "Assmann, Norbert"]
[Result "1-0"]
[WhiteElo "2138"]
[BlackElo "2053"]
[PlyCount "99"]
[EventDate "2003.10.??"]
[EventType "team"]
[EventRounds "9"]
[EventCountry "GER"]
[SourceTitle "EXT 2006"]
[Source "ChessBase"]
[SourceDate "2005.11.24"]
[SourceVersion "1"]
[SourceVersionDate "2005.11.24"]
[SourceQuality "1"]
[WhiteTeam "Asittenbach"]
[BlackTeam "Sailauf"]
[WhiteTeamCountry "GER"]
[BlackTeamCountry "GER"]

1. d4 Nf6 2. c4 g6 3. Nc3 Bg7 4. e4 d6 5. f3 c6 6. Bg5 a6 7. Qd2 b5 8. b3 Nbd7 9. Bd3 Nb6 10. Nge2 b4 11. Nd1 c5 12. Nb2 a5 13. a4 Nfd7 14. Bc2 Qc7 15. 0-0-0 Bb7 16. Bh6 Bf6 17. f4 Rg8 18. Bg5 Bg7 19. d5 f6 20. Bh4 0-0-0 21. Kb1 Kb8 22. Ng1 h6 23. Re1 g5 24. Bg3 h5 25. h4 g4 26. Ne2 Bh6 27. Bf2 Rh8 28. Ng3 Bf8 29. Nd3 Bc8 30. Be3 Re8 31. Bd1 e5 32. dxe6 Rxe6 33. Nxh5 Rxe4 34. Bxg4 Re7 35. Bxd7 Nxd7 36. Ng3 Reh7 37. h5 Rg8 38. Bf2 Rhg7 39. Rh3 Nb6 40. f5 d5 41. h6 Rh7 42. Re8 dxc4 43. Nxc5 c3 44. Qc2 Ka7 45. Ne6 Bxe6 46. fxe6 Re7 47. h7 Rh8 48. Rxf8 Rhxh7 49. Rxh7 Rxh7 50. Qxh7 1-0

[Event "Landesliga Nord 0304"]
[Site "Bayern"]
[Date "2004.01.18"]
[Round "5.4"]
[White "Assmann, Norbert"]
[Black "Stickler, Roberto"]
[Result "1/2-1/2"]
[WhiteElo "2053"]
[BlackElo "2170"]
[PlyCount "20"]
[EventDate "2003.10.??"]
[EventType "team"]
[EventRounds "9"]
[EventCountry "GER"]
[SourceTitle "EXT 2006"]
[Source "ChessBase"]
[SourceDate "2005.11.24"]
[SourceVersion "1"]
[SourceVersionDate "2005.11.24"]
[SourceQuality "1"]
[WhiteTeam "Sailauf"]
[BlackTeam "Dettingen"]
[WhiteTeamCountry "GER"]
[BlackTeamCountry "GER"]

1. Nf3 c6 2. g3 d5 3. Bg2 Nd7 4. 0-0 e5 5. d3 Ngf6 6. Nbd2 Bd6 7. e4 0-0 8. b3 Re8 9. Bb2 b6 10. Re1 Bb7 1/2-1/2

[Event "Landesliga Nord 0203"]
[Site "Bayern"]
[Date "2003.03.09"]
[Round "8.5"]
[White "Assmann, Norbert"]
[Black "Lodes, Hermann"]
[Result "0-1"]
[WhiteElo "2076"]
[BlackElo "2117"]
[PlyCount "86"]
[EventDate "2002.10.20"]
[EventType "team"]
[EventRounds "9"]
[EventCountry "GER"]
[SourceTitle "EXT 2004"]
[Source "ChessBase"]
[SourceDate "2003.11.25"]
[SourceVersion "1"]
[SourceVersionDate "2003.11.25"]
[SourceQuality "1"]
[WhiteTeam "Sailauf"]
[BlackTeam "Burgsinn"]
[WhiteTeamCountry "GER"]
[BlackTeamCountry "GER"]

1. Nf3 d5 2. g3 Nf6 3. Bg2 c6 4. 0-0 Bg4 5. d3 Nbd7 6. Nbd2 e6 7. b3 Be7 8. Bb2 0-0 9. c4 a5 10. a3 b5 11. Qc2 Rc8 12. e4 bxc4 13. bxc4 Nc5 14. e5 Nfd7 15. Rfe1 Bf5 16. Bf1 Nb6 17. Bd4 Ncd7 18. c5 Na8 19. Qc3 Rb8 20. Be3 a4 21. Nd4 Qc7 22. Nxf5 exf5 23. d4 Qa7 24. Bd3 g6 25. Bf4 Nc7 26. Bc2 Ne6 27. Be3 Rb7 28. Rab1 Rfb8 29. Rxb7 Rxb7 30. Rb1 Rxb1+ 31. Bxb1 f6 32. f4 fxe5 33. fxe5 Kg7 34. Bd3 Nxe5 35. dxe5 d4 36. Bxd4 Nxd4 37. Kg2 Qxc5 38. Nc4 Qd5+ 39. Kf2 Bc5 40. Ke1 Nf3+ 41. Ke2 Nxh2 42. Bc2 Qg2+ 43. Kd1 Qf1+ 0-1

[Event "Landesliga Nord 0102"]
[Site "Bayern"]
[Date "2002.02.24"]
[Round "6.5"]
[White "Weigert, Wilhelm"]
[Black "Assmann, Norbert"]
[Result "1/2-1/2"]
[WhiteElo "2110"]
[BlackElo "2055"]
[PlyCount "94"]
[EventDate "2001.10.07"]
[EventType "team"]
[EventRounds "9"]
[EventCountry "GER"]
[SourceTitle "EXT 2003"]
[Source "ChessBase"]
[SourceDate "2002.11.25"]
[SourceVersion "1"]
[SourceVersionDate "2002.11.25"]
[SourceQuality "1"]
[WhiteTeam "Kelheim"]
[BlackTeam "Sailauf"]
[WhiteTeamCountry "GER"]
[BlackTeamCountry "GER"]

1. c4 Nf6 2. Nc3 g6 3. g3 Bg7 4. Bg2 0-0 5. Nf3 c5 6. d4 cxd4 7. Nxd4 Nc6 8. 0-0 Nxd4 9. Qxd4 d6 10. Qd3 Rb8 11. Be3 Bf5 12. Qd2 b6 13. h3 Qc8 14. g4 Be6 15. b3 h5 16. g5 Ne8 17. h4 Bh3 18. f3 Qf5 19. Nd5 Rb7 20. Bd4 Qc8 21. Rac1 Be6 22. e4 Bxd4+ 23. Qxd4 Qc5 24. Qxc5 dxc5 25. f4 Rd7 26. f5 Bxd5 27. exd5 Nd6 28. Bh3 Rb7 29. fxg6 fxg6 30. Rc2 Rxf1+ 31. Kxf1 Rb8 32. Re2 Rf8+ 33. Kg2 Kf7 34. Re6 Rg8 35. Kf3 Rg7 36. a3 Ke8 37. Ke3 Kf7 38. Kd3 Rg8 39. b4 Rb8 40. Kc3 Rd8 41. bxc5 bxc5 42. Bf1 Nf5 43. Re4 Rd6 44. Bh3 Nd4 45. Rf4+ Ke8 46. Bf1 Ra6 47. Kb2 Rb6+ 1/2-1/2

[Event "Regionalliga NW 0001"]
[Site "Bayern"]
[Date "2001.04.01"]
[Round "8"]
[White "Assmann, Norbert"]
[Black "Seeger, Werner"]
[Result "1/2-1/2"]
[WhiteElo "2080"]
[BlackElo "2140"]
[PlyCount "89"]
[EventDate "2000.10.15"]
[EventType "team-tourn"]
[EventRounds "9"]
[EventCountry "GER"]
[SourceTitle "EXT 2020"]
[Source "ChessBase"]
[SourceDate "2019.10.17"]
[SourceVersion "1"]
[SourceVersionDate "2019.10.17"]
[SourceQuality "1"]
[WhiteTeam "Sailauf"]
[BlackTeam "Burgsinn"]
[WhiteTeamCountry "GER"]
[BlackTeamCountry "GER"]

1. Nf3 d5 2. g3 Bg4 3. Bg2 Nd7 4. 0-0 c6 5. d3 Ngf6 6. Nbd2 e6 7. b3 Be7 8. Bb2 0-0 9. c4 a5 10. a3 h6 11. Bc3 Qb6 12. Qb1 Bf5 13. b4 axb4 14. axb4 dxc4 15. Nxc4 Qc7 16. Qb2 Rfd8 17. Nd4 Bg6 18. b5 Nd5 19. bxc6 bxc6 20. Ba5 Rxa5 21. Nxa5 Rb8 22. Qc1 Bf6 23. Ndxc6 Bxa1 24. Nxb8 Nc3 25. Qxa1 Nxe2+ 26. Kh1 Qxb8 27. Nc6 Qd6 28. Qa8+ Kh7 29. Qd8 Qxd3 30. Ne7 h5 31. Qg8+ Kh6 32. Qh8+ Bh7 33. Qd8 Ne5 34. Qb6 Be4 35. Qe3+ Qxe3 36. fxe3 Bxg2+ 37. Kxg2 f6 38. h3 Nc3 39. Rc1 Nb5 40. Rb1 Nd6 41. Rd1 Nec4 42. Kf3 Ne5+ 43. Kf2 Nec4 44. Kf3 Ne5+ 45. Kf2 1/2-1/2

[Event "Regionalliga NW 0001"]
[Site "Bayern"]
[Date "2001.02.18"]
[Round "6"]
[White "Assmann, Norbert"]
[Black "Hager, Martin"]
[Result "1/2-1/2"]
[WhiteElo "2080"]
[BlackElo "2030"]
[PlyCount "75"]
[EventDate "2000.10.15"]
[EventType "team-tourn"]
[EventRounds "9"]
[EventCountry "GER"]
[SourceTitle "EXT 2020"]
[Source "ChessBase"]
[SourceDate "2019.10.17"]
[SourceVersion "1"]
[SourceVersionDate "2019.10.17"]
[SourceQuality "1"]
[WhiteTeam "Sailauf"]
[BlackTeam "Coburg"]
[WhiteTeamCountry "GER"]
[BlackTeamCountry "GER"]

1. Nf3 c5 2. g3 g6 3. Bg2 Bg7 4. c4 Nc6 5. Nc3 d6 6. 0-0 Nf6 7. d4 cxd4 8. Nxd4 Nxd4 9. Qxd4 0-0 10. Qd3 a6 11. h3 Qc7 12. Be3 Bf5 13. Qd2 Qxc4 14. Bxb7 Bxh3 15. Rfc1 Rab8 16. Nd5 Qb5 17. Nxe7+ Kh8 18. Bf3 Qd7 19. Nc6 Rbc8 20. Bf4 d5 21. Nb4 Be6 22. Bh6 Qb5 23. Bxg7+ Kxg7 24. b3 a5 25. Nd3 Bf5 26. Nf4 Be4 27. Qd4 Bxf3 28. exf3 Qb4 29. Qe5 Rfe8 30. Nh5+ gxh5 31. Qg5+ Kf8 32. Qxf6 Rxc1+ 33. Rxc1 Re1+ 34. Rxe1 Qxe1+ 35. Kg2 Qd2 36. a3 d4 37. f4 d3 38. Qd6+ 1/2-1/2

[Event "Regionalliga NW 9900"]
[Site "Bayern"]
[Date "2000.??.??"]
[Round "7.6"]
[White "Assmann, Norbert"]
[Black "Wambach, Juergen"]
[Result "1-0"]
[WhiteElo "2075"]
[BlackElo "1930"]
[PlyCount "69"]
[EventDate "1999.??.??"]
[EventType "team-tourn"]
[EventRounds "9"]
[EventCountry "GER"]
[SourceTitle "EXT 2020"]
[Source "ChessBase"]
[SourceDate "2019.10.17"]
[SourceVersion "1"]
[SourceVersionDate "2019.10.17"]
[SourceQuality "1"]
[WhiteTeam "Sailauf"]
[BlackTeam "Klingenberg"]
[WhiteTeamCountry "GER"]
[BlackTeamCountry "GER"]

1. Nf3 d5 2. g3 Nf6 3. Bg2 e6 4. 0-0 c5 5. d3 Nc6 6. Nbd2 Be7 7. e4 0-0 8. e5 Nd7 9. Qe2 Kh8 10. Re1 f6 11. exf6 gxf6 12. c3 e5 13. Nb3 Rg8 14. Nh4 Nf8 15. Be3 d4 16. cxd4 cxd4 17. Bd2 Ng6 18. Nxg6+ Rxg6 19. Bxc6 bxc6 20. Qe4 Be6 21. Nxd4 Bd5 22. Qe2 Qd7 23. Nc2 Bc5 24. Be3 Rag8 25. Qh5 Rg5 26. Bxg5 Rxg5 27. Qh4 Qf5 28. Re3 Rh5 29. g4 Rg5 30. h3 Bxe3 31. Nxe3 Qxd3 32. Nxd5 cxd5 33. Rc1 Qa6 34. Qh6 Rg7 35. Rc7 1-0

[Event "Regionalliga NW 9900"]
[Site "Bayern"]
[Date "2000.??.??"]
[Round "8.6"]
[White "Haubold, Martin"]
[Black "Assmann, Norbert"]
[Result "0-1"]
[WhiteElo "1907"]
[BlackElo "2075"]
[PlyCount "128"]
[EventDate "1999.??.??"]
[EventType "team-tourn"]
[EventRounds "9"]
[EventCountry "GER"]
[SourceTitle "EXT 2020"]
[Source "ChessBase"]
[SourceDate "2019.10.17"]
[SourceVersion "1"]
[SourceVersionDate "2019.10.17"]
[SourceQuality "1"]
[WhiteTeam "Bamberg SC III"]
[BlackTeam "Sailauf"]
[WhiteTeamCountry "GER"]
[BlackTeamCountry "GER"]

1. d4 Nf6 2. c4 g6 3. Nc3 Bg7 4. e4 d6 5. f3 c6 6. Be3 a6 7. c5 b5 8. cxb6 Qxb6 9. Qd2 Nbd7 10. Bc4 a5 11. Nge2 Ba6 12. Bxa6 Qxa6 13. 0-0 0-0 14. Rac1 Rfb8 15. b3 Rb7 16. Rc2 Rc8 17. Rfc1 Rbc7 18. Na4 Nb6 19. Nxb6 Qxb6 20. Nc3 e6 21. d5 c5 22. dxe6 fxe6 23. e5 dxe5 24. Na4 Qb4 25. Qxb4 axb4 26. Rxc5 Rxc5 27. Rxc5 Rd8 28. Rc2 Nd5 29. Bg5 Rd7 30. Kf2 Kf7 31. Rc6 h6 32. Bc1 g5 33. Nc5 Ra7 34. Na4 Ke7 35. Bd2 Kd7 36. Rc4 Bf8 37. Re4 Rc7 38. Rc4 Ra7 39. h4 gxh4 40. Rxh4 Rc7 41. Rc4 Ke8 42. Rxc7 Nxc7 43. Ke3 h5 44. Ke4 Bd6 45. Nb6 Bc5 46. Nc4 Nd5 47. Nxe5 Ke7 48. Nd3 Bd6 49. Kd4 Kf6 50. Kc4 Kf5 51. Nxb4 Bxb4 52. g4+ Ke5 53. Bxb4 h4 54. Be1 h3 55. Bg3+ Kf6 56. a4 Ne3+ 57. Kb5 Nf1 58. Bd6 e5 59. g5+ Ke6 60. g6 h2 61. Bxe5 h1Q 62. g7 Kf7 63. f4 Qb7+ 64. Kc4 Nd2+ 0-1

[Event "Regionalliga NW 9900"]
[Site "Bayern"]
[Date "2000.??.??"]
[Round "6.6"]
[White "Stauch, Edgar"]
[Black "Assmann, Norbert"]
[Result "1-0"]
[WhiteElo "2070"]
[BlackElo "2075"]
[PlyCount "77"]
[EventDate "1999.??.??"]
[EventType "team-tourn"]
[EventRounds "9"]
[EventCountry "GER"]
[SourceTitle "EXT 2020"]
[Source "ChessBase"]
[SourceDate "2019.10.17"]
[SourceVersion "1"]
[SourceVersionDate "2019.10.17"]
[SourceQuality "1"]
[WhiteTeam "Kronach"]
[BlackTeam "Sailauf"]
[WhiteTeamCountry "GER"]
[BlackTeamCountry "GER"]

1. d4 g6 2. c4 Bg7 3. Nc3 Nf6 4. e4 d6 5. Nf3 0-0 6. Be2 Nbd7 7. 0-0 c6 8. Re1 e5 9. Bf1 Qc7 10. d5 c5 11. a3 a6 12. b4 b6 13. Rb1 Ne8 14. a4 cxb4 15. Rxb4 Nc5 16. Be3 f5 17. Bxc5 bxc5 18. Rb3 Nf6 19. Qb1 fxe4 20. Ng5 Bf5 21. Ngxe4 Rab8 22. Bd3 Nxe4 23. Bxe4 Rxb3 24. Qxb3 Rb8 25. Qc2 Bd7 26. h4 Rb4 27. Qd3 Qc8 28. h5 Bf5 29. hxg6 hxg6 30. g4 Bxe4 31. Qxe4 Qf8 32. Re3 Qf6 33. Kg2 Bh6 34. g5 Bxg5 35. Rg3 Kf8 36. Qg4 Bf4 37. Qc8+ Kg7 38. Ne4 Qf8 39. Rxg6+ 1-0

[Event "Regionalliga NW 9798"]
[Site "Bayern"]
[Date "1998.??.??"]
[Round "?.3"]
[White "Jacob, Karl Heinz"]
[Black "Assmann, Norbert"]
[Result "0-1"]
[WhiteElo "1724"]
[BlackElo "2040"]
[PlyCount "48"]
[EventDate "1997.10.??"]
[EventType "team-tourn"]
[EventRounds "9"]
[EventCountry "GER"]
[SourceTitle "EXT 2020"]
[Source "ChessBase"]
[SourceDate "2019.10.17"]
[SourceVersion "1"]
[SourceVersionDate "2019.10.17"]
[SourceQuality "1"]
[WhiteTeam "Neustadt SV"]
[BlackTeam "Sailauf"]
[WhiteTeamCountry "GER"]
[BlackTeamCountry "GER"]

1. Nf3 Nf6 2. c4 g6 3. g3 Bg7 4. Bg2 0-0 5. 0-0 c5 6. e3 d5 7. cxd5 Nxd5 8. d4 cxd4 9. Nxd4 Nc6 10. Nxc6 bxc6 11. a3 Be6 12. e4 Nb6 13. Qc2 Nc4 14. Nd2 Ne5 15. Nf3 Qb6 16. Nxe5 Bxe5 17. Rb1 Ba2 18. Ra1 Bb3 19. Qe2 Ba4 20. Re1 Rfd8 21. Bg5 Qxb2 22. Qxb2 Bxb2 23. Bxe7 Bxa1 24. Bxd8 Bc3 0-1